000
00218nam a22000857a 4500
008
160816b xxu||||| |||| 00| 0 eng d
100
_9
143
_a
Bhatia K
245
_a
Expressions in Art
260
_a
New Delhi
_b
Navdeep publication
999
_c
2798
_d
2798